000 00703cam a2200229 4500
001 ABS62082
008 000000n2000 000 0 eng u
035 _a(Sirsi) u104824
100 _aMason, P.
245 _aFuture in the balance
260 _c2000
490 _aMunicipal Journal
_v10-16 March 2000, 21-23(2)
520 _aReports on the way in which the housing Green Paper could remove the uncertainty about housing provision faced by local authorities.
590 _aABS
650 _aLOCAL AUTHORITIES
650 _aTENANTS
650 _aREGISTERED SOCIAL LANDLORDS
650 _aHOUSING POLICY
650 _aGOVERNMENT POLICY
690 _aAffordable housing
_96215
942 _n0
999 _c62880
_d62880